[Event "SVK-chT5 SE-SI 2122"]
[Site "Slovakia"]
[Date "2022.01.29"]
[Round "6.2"]
[White "Zajicek, Ferdinand"]
[Black "Tutkova, Ludmila"]
[Result "1/2-1/2"]
[WhiteElo "1684"]
[BlackElo "1265"]
[PlyCount "76"]
[EventDate "2021.11.06"]
[EventType "team-tourn"]
[EventRounds "9"]
[EventCountry "SVK"]
[SourceTitle "EXT 2024"]
[Source "ChessBase"]
[SourceDate "2023.10.10"]
[SourceVersion "1"]
[SourceVersionDate "2023.10.10"]
[SourceQuality "1"]
[WhiteTeam "Petrova Ves II"]
[BlackTeam "Skalica III"]
[WhiteTeamCountry "SVK"]
[BlackTeamCountry "SVK"]

1. e4 e5 2. Nf3 Nc6 3. Nc3 Bc5 4. d3 Nf6 5. Be3 Bxe3 6. fxe3 d5 7. exd5 Nxd5 8. Nxd5 Qxd5 9. Be2 0-0 10. 0-0 Re8 11. e4 Qc5+ 12. Kh1 Bg4 13. Qd2 Bxf3 14. Bxf3 Nd4 15. Rf2 Rad8 16. Raf1 Ne6 17. Bg4 f6 18. Bxe6+ Rxe6 19. h4 Qb6 20. b3 Rf8 21. Qe2 g6 22. g4 h6 23. g5 h5 24. Rf3 Kg7 25. Qf2 Qxf2 26. R1xf2 c5 27. Kg2 b5 28. Rxf6 Rexf6 29. Rxf6 Rxf6 30. gxf6+ Kxf6 31. a3 a5 32. c3 Ke6 33. Kf3 b4 34. axb4 cxb4 35. cxb4 axb4 36. Ke3 Kf6 37. d4 Ke6 38. d5+ Kd6 1/2-1/2

[Event "SVK-chT5 SE-SI 2122"]
[Site "Slovakia"]
[Date "2021.11.06"]
[Round "1.2"]
[White "Tutkova, Ludmila"]
[Black "Lanza, Matej"]
[Result "1-0"]
[WhiteElo "1265"]
[BlackElo "1161"]
[PlyCount "111"]
[EventDate "2021.11.06"]
[EventType "team-tourn"]
[EventRounds "9"]
[EventCountry "SVK"]
[SourceTitle "EXT 2024"]
[Source "ChessBase"]
[SourceDate "2023.10.10"]
[SourceVersion "1"]
[SourceVersionDate "2023.10.10"]
[SourceQuality "1"]
[WhiteTeam "Skalica III"]
[BlackTeam "Gbely Interchess"]
[WhiteTeamCountry "SVK"]
[BlackTeamCountry "SVK"]

1. e4 e5 2. Nf3 Nc6 3. Bb5 Bc5 4. 0-0 Nf6 5. Nc3 a6 6. Bxc6 dxc6 7. Nxe5 0-0 8. d3 Be6 9. Bg5 h6 10. Bh4 Bd4 11. Nf3 Bg4 12. h3 Bxf3 13. Qxf3 Qd7 14. Rfe1 Rfe8 15. Bg3 Be5 16. Rad1 Qd4 17. Bf4 Bxf4 18. Qxf4 Re5 19. Re3 Rae8 20. Rf3 R8e6 21. Re1 g5 22. Qe3 Qxe3 23. Rexe3 c5 24. Rf5 c6 25. a3 Nd7 26. Ne2 Rxf5 27. exf5 Rf6 28. g4 Nb6 29. Re7 c4 30. dxc4 Nxc4 31. Rxb7 Rd6 32. Rb4 Ne5 33. Ng3 Nf3+ 34. Kg2 Ne1+ 35. Kf1 Nxc2 36. Rb8+ Kh7 37. Ne4 Rd3 38. Nf6+ Kg7 39. Nh5+ Kh7 40. Rf8 f6 41. Rxf6 Rd7 42. Rxc6 Ra7 43. Rxc2 Rf7 44. Rc6 a5 45. Ra6 Rb7 46. Rxa5 Rxb2 47. a4 Ra2 48. Ra8 Ra3 49. Kg2 Rb3 50. a5 Rb7 51. a6 Rc7 52. a7 Rxa7 53. Rxa7+ Kg8 54. Kf3 Kf8 55. Ke4 Ke8 56. Kd5 1-0

[Event "SVK-chT5 SE-SI 1920"]
[Site "Slovakia"]
[Date "2019.11.02"]
[Round "2.2"]
[White "Durec, Martin"]
[Black "Tutkova, Ludmila"]
[Result "0-1"]
[WhiteElo "1229"]
[BlackElo "1262"]
[PlyCount "52"]
[EventDate "2019.10.19"]
[EventType "team-tourn"]
[EventRounds "14"]
[EventCountry "SVK"]
[SourceTitle "CBM 193 Extra"]
[Source "ChessBase"]
[SourceDate "2020.01.31"]
[SourceVersion "1"]
[SourceVersionDate "2020.01.31"]
[SourceQuality "1"]
[WhiteTeam "Myjava Spartak II"]
[BlackTeam "Skalica IV"]
[WhiteTeamCountry "SVK"]
[BlackTeamCountry "SVK"]

1. e4 e5 2. Nf3 Nc6 3. Bc4 Bc5 4. c3 a5 5. d4 exd4 6. Nxd4 Nge7 7. Nxc6 bxc6 8. Qh5 d5 9. exd5 cxd5 10. Bd3 Ng6 11. 0-0 Be6 12. Rd1 Qf6 13. Bb5+ Kf8 14. Rf1 Rb8 15. Bc6 Ne5 16. Ba4 Bg4 17. Qg5 Rb6 18. Bb3 Be2 19. Qxf6 Rxf6 20. Bg5 Rf5 21. Bh4 g5 22. Bc2 Nd3 23. Bxd3 Bxd3 24. Rd1 gxh4 25. Rxd3 Rxf2 26. Rh3 Rf5+ 0-1

[Event "SVK-chT5 SE-SI 1819"]
[Site "Slovakia"]
[Date "2019.03.23"]
[Round "10.3"]
[White "Tutkova, Ludmila"]
[Black "Novomesky, Roman"]
[Result "1-0"]
[WhiteElo "1133"]
[BlackElo "1000"]
[PlyCount "103"]
[EventDate "2018.10.20"]
[EventType "team-tourn"]
[EventRounds "10"]
[EventCountry "SVK"]
[SourceTitle "EXT 2020"]
[Source "ChessBase"]
[SourceDate "2019.10.17"]
[SourceVersion "1"]
[SourceVersionDate "2019.10.17"]
[SourceQuality "1"]
[WhiteTeam "Skalica IV"]
[BlackTeam "Stefanov II"]
[WhiteTeamCountry "SVK"]
[BlackTeamCountry "SVK"]

1. b3 e6 2. Bb2 d5 3. e3 c5 4. Nf3 Bd6 5. Bxg7 Nd7 6. Bxh8 f6 7. d4 Nf8 8. dxc5 Bxc5 9. Nd4 Qa5+ 10. Nd2 Bb4 11. Bb5+ Bd7 12. Bxd7+ Nxd7 13. a3 Bxd2+ 14. Qxd2 Qa6 15. Qd3 e5 16. Qxa6 bxa6 17. Ne6 Rc8 18. Kd2 Kf7 19. Ng7 Nh6 20. Nh5 Rxh8 21. f3 Rg8 22. g3 Rg5 23. g4 f5 24. h3 Ke6 25. Ng3 a5 26. f4 exf4 27. exf4 Rg8 28. Rhe1+ Kd6 29. g5 Nf7 30. Nxf5+ Kc7 31. Ne7 Rd8 32. Nxd5+ Kc6 33. Ne7+ Kb7 34. Ke3 Nf8 35. Rad1 Rd7 36. Kf3 Rc7 37. c4 a4 38. Nd5 Nxg5+ 39. fxg5 Rf7+ 40. Kg4 axb3 41. Re7+ Rxe7 42. Nxe7 a5 43. a4 Nd7 44. Rxd7+ Kb6 45. Nd5+ Kc5 46. Rc7+ Kd4 47. Rxh7 Kd3 48. Rb7 Kc2 49. Ne3+ Kc3 50. g6 b2 51. Nd1+ Kc2 52. Rxb2+ 1-0